000 00440nam a22001457a 4500
003 OSt
005 20251027125552.0
008 251027b |||||||| |||| 00| 0 eng d
020 _a1579212131
040 _cWINEPRESS PUBLISHING
050 _aBV 4501.3 .W56 1999
245 _aWORLDY AMUSEMENTS
_bRESTORING THE LORDSHIP OF CHRIST TO OUR ENTERTAINMENT CHOICES
_cWILSON A, WAYNE
260 _aUSA
_bWINEPRESS PUBLISHING
_c1999
942 _2lcc
_cBK
_n0
999 _c9702
_d9702